世界の島面積ランキングTOP30 - Statistics

General Stats
  • This quiz has been taken 620 times
  • The average score is 14 of 30
Answer Stats
島名 面積(㎢) 所属国 % Correct
グリーンランド 2,175,600 (デンマーク)
96%
本州 227,970 日本
95%
北海道 78,073 日本
90%
マダガスカル島 587,041 マダガスカル
89%
ニューギニア島 786,000 インドネシア、パプアニューギニア
73%
アイスランド島 102,828 アイスランド
71%
セイロン島 65,268 スリランカ
71%
アイルランド島 84,406 アイルランド、イギリス
69%
グレートブリテン島 209,331 イギリス
68%
カリマンタン島 743,330 インドネシア、ブルネイ・ダルサラーム、マレーシア
67%
スマトラ島 473,600 インドネシア
67%
ジャワ島 126,700 インドネシア
65%
キューバ島 105,007 キューバ
65%
北島 113,729 ニュージーランド
62%
南島 151,215 ニュージーランド
60%
タスマニア島 60,637 オーストラリア
56%
ルソン島 104,688 フィリピン
44%
ミンダナオ島 94,630 フィリピン
41%
スラウェシ島 174,600 インドネシア
35%
バフィン島 507,451 カナダ
30%
サハリン 76,400 ロシア
29%
ニューファンドランド島 111,390 カナダ
22%
イスパニョーラ島 74,700 ドミニカ共和国、ハイチ
22%
フエゴ島 47,992 アルゼンチン、チリ
20%
ビクトリア島 217,291 カナダ
14%
エルズミーア島 196,235 カナダ
10%
デヴォン島 55,247 カナダ
8%
バンクス島 70,028 カナダ
6%
セヴェルヌィ島 48,904 ロシア
3%
バークナー島 43,873 南極
2%
No matching quizzes found
Score Distribution
Percent of People with Each Score
Percentile by Number Answered
Your Score History
You have not taken this quiz